[Úvod k zborníku vybraných vedeckých statí]

Na minha lista:
Detalhes bibliográficos
Autor principal: Drieniková, Kristína, 1982-
Formato: Capítulo de Livro
Idioma:eslovaco
Tags: Adicionar Tag
Sem tags, seja o primeiro a adicionar uma tag!

MARC

LEADER 00000nla a2200000 4500
001 0199641
005 20240502073400.5
041 0 |a slo 
044 |a SK 
245 1 0 |a [Úvod k zborníku vybraných vedeckých statí]  |c Kristína Drieniková 
100 1 |a Drieniková, Kristína, 1982-